MARC details
| 000 -CABECERA |
| campo de control de longitud fija |
00929nam a2200229 a 4500 |
| 001 - NÚMERO DE CONTROL |
| campo de control |
000028122 |
| 005 - FECHA Y HORA DE LA ÚLTIMA TRANSACCIÓN |
| campo de control |
20241015140953.0 |
| 008 - DATOS DE LONGITUD FIJA--INFORMACIÓN GENERAL |
| campo de control de longitud fija |
110406s2005 dr r 000 0 spa d |
| 020 ## - NÚMERO INTERNACIONAL ESTÁNDAR DEL LIBRO |
| Número Internacional Estándar del Libro |
9993499730 |
| 020 ## - NÚMERO INTERNACIONAL ESTÁNDAR DEL LIBRO |
| Número Internacional Estándar del Libro |
9993499749 |
| 040 ## - FUENTE DE LA CATALOGACIÓN |
| Centro catalogador/agencia de origen |
DO-SdBNP |
| Lengua de catalogación |
spa |
| Centro/agencia transcriptor |
BNPHU |
| 082 ## - NÚMERO DE LA CLASIFICACIÓN DECIMAL DEWEY |
| Número de clasificación |
xxx |
| Número de documento/Ítem |
S267p |
| 100 1# - ENTRADA PRINCIPAL--NOMBRE DE PERSONA |
| Nombre de persona |
Saviñón M., Ramón Emilio |
| Fechas asociadas al nombre |
1929- |
| 9 (RLIN) |
55128 |
| 245 10 - MENCIÓN DE TÍTULO |
| Título |
El peso oro dominicano : |
| Resto del título |
origen, evolución y devaluación a través de su historia / |
| Mención de responsabilidad, etc. |
Ramón Emilio Saviñón M.; edición Emilio Cordero Michel. |
| 260 ## - PUBLICACIÓN, DISTRIBUCIÓN, ETC. |
| Lugar de publicación, distribución, etc. |
Santo Domingo : |
| Nombre del editor, distribuidor, etc. |
Academia Dominicana de la Historia, |
| Fecha de publicación, distribución, etc. |
2005. |
| Fabricante |
Editora Búho |
| 300 ## - DESCRIPCIÓN FÍSICA |
| Extensión |
28 p. ; |
| Dimensiones |
22 cm. |
| 490 1# - MENCIÓN DE SERIE |
| Mención de serie |
Academia dominicana de la historia |
| 490 ## - MENCIÓN DE SERIE |
| Mención de serie |
Conferencia |
| Designación de volumen o secuencia |
69 |
| 500 ## - NOTA GENERAL |
| Nota general |
Incluye referencias bibloagráficas y notas al pie de las páginas |
| 700 1# - PUNTO DE ACCESO ADICIONAL--NOMBRE DE PERSONA |
| Nombre de persona |
Cordero Michel, Emilio, |
| Fechas asociadas al nombre |
1929-2018 |
| Término indicativo de función/relación |
ed. |
| 9 (RLIN) |
44029 |
| 830 #0 - PUNTO DE ACCESO ADICIONAL DE SERIE-TÍTULO UNIFORME |
| Título uniforme |
Academia dominicana de la historia ; |
| Nombre de parte o sección de la obra |
conferencias |
| Designación de volumen o secuencia |
69 |
| 9 (RLIN) |
55129 |